Health care and society /

Bibliographic Details
Main Author: Birenbaum, Arnold
Format: Book
Language:English
Published: Montclair, N.J. : Allanheld, Osmun, 1981.
Series:LandMark studies
Subjects:

MARC

Tag First Indicator Second Indicator Subfields
LEADER 00000cam a22000008a 4500
001 in00000082874
005 20151008054245.0
008 800701s1981 njua b 00110 engm
010 |a  80067092  
020 |a 0916672573 :  |c $25.00 (est.) 
035 |a (OCoLC)06555633 
035 |9 AAJ0115AM 
040 |a DLC  |c DLC  |d m.c.  |d TXA  |d UtOrBLW 
043 |a n-us--- 
049 |a TXAM  |c [932623] 
050 0 0 |a RA418  |b .B57 
060 0 |a WA30 B618h 
082 0 |a 362.1  |2 19 
100 1 |a Birenbaum, Arnold. 
245 1 0 |a Health care and society /  |c Arnold Birenbaum. 
263 |a 8011 
264 1 |a Montclair, N.J. :  |b Allanheld, Osmun,  |c 1981. 
300 |a x, 261 pages :  |b illustrations ;  |c 25 cm. 
336 |a text  |b txt  |2 rdacontent 
337 |a unmediated  |b n  |2 rdamedia 
338 |a volume  |b nc  |2 rdacarrier 
490 0 |a LandMark studies 
504 |a Includes bibliographies and index. 
650 0 |a Social medicine. 
650 0 |a Social medicine  |z United States. 
650 2 |a Sociology, Medical  |z United States. 
650 2 |a Delivery of Health Care  |z United States. 
999 |a MARS 
999 f f |s 269e80e7-9bc3-3c75-942d-5d6527e42a32  |i dcb360db-67c0-3c3e-9ab4-5c0582847e01  |t 0 
952 f f |p ric  |a Texas A&M University  |b Rellis Campus  |c Joint Library Facility  |d Remote Storage  |t 0  |e RA418 .B57  |h Library of Congress classification  |i unmediated -- volume  |m A14806227461 
998 f f |a RA418 .B57  |t 0  |l Remote Storage